Statistics for 24 Times Table Game

Click here to take the quiz!

General Stats

  • This quiz has been taken 536 times
    (426 since last reset)
  • The average score is 22 of 24

Answer Stats

ProblemAnswer% Correct
24 x 124
97%
24 x 248
94%
24 x 496
94%
24 x 5120
93%
24 x 6144
92%
24 x 7168
92%
24 x 372
92%
24 x 10240
91%
24 x 8192
90%
24 x 9216
90%
24 x 14336
90%
24 x 15360
90%
24 x 16384
90%
24 x 17408
90%
24 x 18432
90%
24 x 20480
90%
24 x 11264
89%
24 x 12288
89%
24 x 13312
89%
24 x 19456
89%
24 x 21504
89%
24 x 24576
88%
24 x 22528
87%
24 x 23552
87%

Score Distribution

Percentile by Number Answered

Percent of People with Each Score

Your Score History

You have not taken this quiz since the last reset